|
|
|
|
| LEADER |
00000nam a2200000 i 4500 |
| 001 |
DIGEQSIR0055 |
| 003 |
NyNyDIG |
| 006 |
m o d |
| 007 |
cr ||||||||||| |
| 008 |
210526s2010 sp o 000 f spa d |
| 035 |
|
|
|a (OCoLC)1252920658
|
| 040 |
|
|
|a DGITA
|b eng
|e rda
|e pn
|c DGITA
|
| 020 |
|
|
|a 9788492893171
|q eBook
|q ePub
|
| 020 |
|
|
|a 8492893176
|q eBook
|q ePub
|
| 020 |
|
|
|a 9788492893188
|q eBook
|q pdf
|
| 020 |
|
|
|a 8492893184
|q eBook
|q pdf
|
| 050 |
1 |
4 |
|a PQ6663.U4793 ebook
|
| 082 |
0 |
4 |
|a 863.64
|a Fic
|
| 100 |
1 |
|
|a Muñoz Lorente, Gerardo,
|e author.
|
| 245 |
1 |
0 |
|a Takebitnanaa :
|b ramito de hierba buena /
|c Gerardo Muñoz Lorente.
|
| 264 |
|
1 |
|a Madrid :
|b Transversal (Equipo Sirius),
|c [2010]
|
| 336 |
|
|
|a text
|b txt
|2 rdacontent
|
| 337 |
|
|
|a computer
|b c
|2 rdamedia
|
| 338 |
|
|
|a online resource
|b cr
|2 rdacarrier
|
| 347 |
|
|
|a text file
|2 rdaft
|
| 347 |
|
|
|b EPUB
|
| 347 |
|
|
|b PDF
|
| 588 |
0 |
|
|a Online resource; title from ePub title page (Digitalia, viewed June 3, 2021)
|
| 655 |
|
7 |
|a Science fiction.
|2 lcgft
|
| 655 |
|
0 |
|a Electronic books.
|
| 791 |
2 |
|
|a Digitalia (Firm),
|e distributor.
|
| 793 |
0 |
|
|g Digitalia eBook Collection:
|a Equipo Sirius
|
| 856 |
4 |
0 |
|3 Digitalia Hispánica
|u https://www.digitaliapublishing.com/a/70058/
|
| 910 |
|
|
|a Premium collection: 2021
|